Civil Parishes of Moray Quiz - Statistics

General Stats
  • This quiz has been taken 3 times
  • The average score is 13 of 31
Answers on the Map
Answers color-coded by a green-red scale on the quiz's map according to % correct below.
 
Answer Stats
Civil Parish % Correct
Elgin
100%
Forres
100%
Aberlour
67%
Cullen
67%
Dallas
67%
Keith
67%
St Andrews-Lhanbryd
67%
Alves
33%
Bellie
33%
Birnie
33%
Boharm
33%
Botriphnie
33%
Cabrach
33%
Deskford
33%
Drainie
33%
Duffus
33%
Dyke and Moy
33%
Edinkillie
33%
Grange
33%
Inveravon
33%
Kinloss
33%
Kirkmichael
33%
Knockando
33%
Mortlach
33%
Rafford
33%
Rathven
33%
Rothes
33%
Rothiemay
33%
Speymouth
33%
Spynie
33%
Urquhart
33%
No matching quizzes found
Score Distribution
Percent of People with Each Score
Percentile by Number Answered
Your Score History
You have not taken this quiz